[Event "Online Olym Div3 B 2020"]
[Site "chess.com INT"]
[Date "2020.07.08"]
[Round "6.4"]
[Board "5"]
[White "Martins, Bruno Andre Leite"]
[Black "Elias Thabo"]
[Result "1-0"]
[BlackTitle "CM"]
[WhiteElo "2204"]
[BlackElo "1807"]
[WhiteTeam "Portugal"]
[BlackTeam "Botswana"]
[WhiteFideId "1942255"]
[BlackFideId "11312610"]
[EventDate "2020.07.07"]
[EventType "team"]

1. e4 d6 2. d4 Nf6 3. Nc3 g6 4. g3 Bg7 5. Bg2 O-O 6. Nge2 Nbd7 7. O-O c6 8. a4
Qc7 9. h3 e5 10. Be3 b6 11. g4 Bb7 12. Ng3 a6 13. f4 exd4 14. Bxd4 b5 15. axb5
axb5 16. Rxa8 Rxa8 17. g5 Ne8 18. Bxg7 Nxg7 19. Qd2 b4 20. Nd1 c5 21. Ne3 Nb6
22. Rd1 Rd8 23. b3 Ne6 24. Ng4 Nd4 25. Ne2 Nxe2+ 26. Qxe2 Kg7 27. Qf2 c4 28.
Qd4+ Kg8 29. Nf6+ Kf8 30. Nxh7+ Kg8 31. Nf6+ Kf8 32. Ng4 cxb3 33. Qh8+ Ke7 34.
Qf6+ Kf8 35. cxb3 Nc8 36. Nh6 Ke8 37. Qg7 Qe7 38. Ng4 Qf8 39. Qd4 Qe7 40. Qxb4
Kf8 41. Qd4 Ke8 42. Bf1 Bc6 43. b4 Qxe4 44. Nf6+ 1-0

[Event "Online Olym Div3 B 2020"]
[Site "chess.com INT"]
[Date "2020.07.08"]
[Round "6.4"]
[Board "6"]
[White "Gabatshwarwe Refilwe"]
[Black "Avelino, Camila Biscaya"]
[Result "1-0"]
[WhiteTitle "WCM"]
[WhiteElo "1750"]
[BlackElo "1732"]
[WhiteTeam "Botswana"]
[BlackTeam "Portugal"]
[WhiteFideId "11312734"]
[BlackFideId "1938975"]
[EventDate "2020.07.07"]
[EventType "team"]

1. d4 Nf6 2. Bf4 g6 3. e3 Bg7 4. Nf3 d6 5. c4 c5 6. Nc3 O-O 7. Be2 Nh5 8. Bg5 h6
9. Bh4 g5 10. Bg3 Nxg3 11. hxg3 cxd4 12. exd4 Nc6 13. d5 Ne5 14. Nxe5 dxe5 15.
f4 exf4 16. gxf4 gxf4 17. Qd3 Qb6 18. O-O-O Qg6 19. Qf3 Qg3 20. Rd3 Qxf3 21.
gxf3 Bf5 22. Rdd1 Rac8 23. Rdg1 Bg6 24. Rg4 Kh7 25. Rxf4 a6 26. Ne4 f6 27. Nd2
h5 28. Rfh4 Bh6 29. Kd1 Rfd8 30. Rd4 Be3 31. Rd3 Bxd3 32. Bxd3+ Kg7 33. Rxh5 Bh6
34. Ke2 Rh8 35. Rh2 Bxd2 36. Rxh8 Rxh8 37. Kxd2 Kh6 38. Be4 Kg5 39. d6 exd6 40.
Bxb7 a5 41. Kc3 Rb8 42. Bd5 Kf4 43. a3 a4 44. Kc2 Ke3 45. Bc6 Rc8 46. Bxa4 Rxc4+
47. Kb3 Rc7 48. Kb4 Kxf3 49. Bd1+ Ke3 50. a4 d5 51. a5 d4 52. a6 Rc1 53. Ba4 d3
54. Ka5 d2 55. b4 f5 56. a7 Rc8 57. b5 f4 58. b6 f3 59. b7 Rc5+ 60. Kb6 f2 61.
Kxc5 f1=Q 62. b8=Q Qc1+ 63. Kb6 Qb2+ 64. Ka5 Qe5+ 65. Qb5 Qc3+ 66. Ka6 Qc8+ 67.
Ka5 Qc3+ 68. Kb6 Qf6+ 69. Kb7 Qe7+ 70. Ka6 Qf6+ 71. Qb6+ 1-0

[Event "Online Olym Div3 B 2020"]
[Site "chess.com INT"]
[Date "2020.07.09"]
[Round "7.1"]
[Board "1"]
[White "Oatlhotse, Providence"]
[Black "Greet, Andrew N"]
[Result "0-1"]
[WhiteTitle "IM"]
[BlackTitle "IM"]
[WhiteElo "2190"]
[BlackElo "2417"]
[WhiteTeam "Botswana"]
[BlackTeam "Scotland"]
[WhiteFideId "11300507"]
[BlackFideId "405817"]
[EventDate "2020.07.07"]
[EventType "team"]

1. c4 e5 2. g3 c6 3. d4 e4 4. d5 cxd5 5. cxd5 Nf6 6. Bg2 Bc5 7. Nc3 e3 8. Bxe3
Bxe3 9. fxe3 d6 10. Qd4 O-O 11. Nf3 Qe7 12. O-O Ng4 13. e4 Nd7 14. Nh4 Nde5 15.
h3 Nf6 16. Nf5 Bxf5 17. Rxf5 Nfd7 18. Raf1 Rfc8 19. b3 a6 20. R5f2 Qd8 21. Nd1
Qb6 22. Qd2 a5 23. Ne3 g6 24. Nc2 Qc5 25. Nd4 Qb4 26. Qxb4 axb4 27. e3 Ra5 28.
Rd2 Rac5 29. Rff2 Rc1+ 30. Rf1 Kf8 31. Rxc1 Rxc1+ 32. Kh2 Ra1 33. g4 Ke7 34. Kg3
Nc5 35. g5 Ned3 36. Bf3 Rg1+ 37. Rg2 Rxg2+ 38. Bxg2 Nc1 39. Kf4 Nxa2 40. Bf1 Nc3
41. Bg2 Nd3+ 42. Kg3 Kf8 43. h4 Kg7 44. Nc2 h6 45. Nd4 hxg5 46. hxg5 Kf8 47. Bh1
Ke7 48. Bf3 f6 49. gxf6+ Kxf6 50. Be2 Nxe4+ 51. Kf3 Nd2+ 52. Kg2 Nc5 53. Kf2
Ndxb3 54. Nb5 Ke5 55. Bf3 Nd2 56. Bg2 b3 57. Ke2 b2 58. Na3 b1=Q 59. Nxb1 Nxb1
60. Kd1 Nc3+ 61. Kc2 Nxd5 62. e4 Ne3+ 63. Kb2 Nxg2 0-1

[Event "Online Olym Div3 B 2020"]
[Site "chess.com INT"]
[Date "2020.07.09"]
[Round "7.1"]
[Board "2"]
[White "Tate, Alan"]
[Black "Rongwane, Gomolemo"]
[Result "1-0"]
[WhiteTitle "FM"]
[WhiteElo "2342"]
[BlackElo "2079"]
[WhiteTeam "Scotland"]
[BlackTeam "Botswana"]
[WhiteFideId "2401878"]
[BlackFideId "11301120"]
[EventDate "2020.07.07"]
[EventType "team"]

1. d4 Nf6 2. c4 g6 3. Nc3 c5 4. Nf3 cxd4 5. Nxd4 Bg7 6. e4 Nc6 7. Be3 O-O 8. Be2
d6 9. O-O Bd7 10. Kh1 Nxd4 11. Bxd4 Bc6 12. Qd3 a5 13. f4 Nd7 14. Bxg7 Kxg7 15.
Bg4 Nc5 16. Qe2 Qb6 17. f5 a4 18. Rad1 Rae8 19. Rf3 Qb4 20. Rh3 Rh8 21. Qd2 Qxc4
22. Qh6+ Kg8 23. Be2 Qb4 24. a3 Qxb2 25. fxg6 fxg6 26. Bc4+ e6 27. Rf3 Nxe4 28.
Bxe6+ 1-0

[Event "Online Olym Div3 B 2020"]
[Site "chess.com INT"]
[Date "2020.07.09"]
[Round "7.1"]
[Board "3"]
[White "Francis, Onkemetse"]
[Black "Arakhamia-Grant, Ketevan"]
[Result "0-1"]
[WhiteTitle "WIM"]
[BlackTitle "GM"]
[WhiteElo "1781"]
[BlackElo "2380"]
[WhiteTeam "Botswana"]
[BlackTeam "Scotland"]
[WhiteFideId "11301287"]
[BlackFideId "13600168"]
[EventDate "2020.07.07"]
[EventType "team"]

1. e4 c5 2. Nc3 Nc6 3. f4 g6 4. Nf3 Bg7 5. Bb5 Nd4 6. d3 Nxb5 7. Nxb5 d6 8. Nc3
Nf6 9. O-O O-O 10. Qe1 e6 11. Qh4 Nd7 12. Qg3 a6 13. f5 Ne5 14. Be3 exf5 15. Ng5
h6 16. Nh3 fxe4 17. Nxe4 Ng4 18. Bd2 d5 19. Nc3 g5 20. Rae1 f5 21. Qf3 Nf6 22.
Nf2 Qd6 23. Re2 Bd7 24. Rfe1 d4 25. Ncd1 Nd5 26. Nh1 g4 27. Qf2 f4 28. Re4 Ne3
29. Qh4 Bf5 30. Bxe3 Bxe4 31. dxe4 dxe3 32. Qxg4 Rae8 33. Nc3 Qd4 34. Kf1 b5 35.
Rd1 Qc4+ 36. Qe2 Qxe2+ 37. Kxe2 b4 38. Na4 Rxe4 39. Nxc5 Rc4 40. Nxa6 Rxc2+ 41.
Kf3 Rxb2 42. g3 Bc3 43. gxf4 e2 44. Rg1+ Kh7 45. Ng3 e1=Q 0-1

[Event "Online Olym Div3 B 2020"]
[Site "chess.com INT"]
[Date "2020.07.09"]
[Round "7.1"]
[Board "4"]
[White "Cooke, Suzie G."]
[Black "Besa, Masaiti"]
[Result "1-0"]
[WhiteTitle "WFM"]
[BlackTitle "WFM"]
[WhiteElo "1915"]
[BlackElo "1768"]
[WhiteTeam "Scotland"]
[BlackTeam "Botswana"]
[WhiteFideId "414930"]
[BlackFideId "11310570"]
[EventDate "2020.07.07"]
[EventType "team"]

1. d4 Nf6 2. Bf4 g6 3. Nc3 d5 4. e3 Bg7 5. h4 c6 6. Be2 h5 7. Nf3 Bg4 8. Ne5
Bxe2 9. Qxe2 Nbd7 10. e4 Qb6 11. O-O-O dxe4 12. Nxe4 Nxe4 13. Qxe4 Nf6 14. Qf3
Rd8 15. c3 O-O 16. g4 Nd5 17. Bd2 Qa6 18. Kb1 hxg4 19. Nxg4 Nf6 20. Nxf6+ exf6
21. h5 Rfe8 22. hxg6 fxg6 23. Qg4 g5 24. f4 Qd3+ 25. Ka1 Re2 26. Bc1 Qc2 27.
Rhe1 Rg2 28. Qe6+ Kh7 29. Rh1+ Kg6 30. f5+ Qxf5 31. Qe7 Rd7 32. Qe3 Qf2 33. Qh3
Qf5 34. Qh5# 1-0

[Event "Online Olym Div3 B 2020"]
[Site "chess.com INT"]
[Date "2020.07.09"]
[Round "7.1"]
[Board "5"]
[White "Elias Thabo"]
[Black "Abdulla, Murad"]
[Result "0-1"]
[WhiteTitle "CM"]
[BlackTitle "FM"]
[WhiteElo "1807"]
[BlackElo "2287"]
[WhiteTeam "Botswana"]
[BlackTeam "Scotland"]
[WhiteFideId "11312610"]
[BlackFideId "2403757"]
[EventDate "2020.07.07"]
[EventType "team"]

1. d4 Nf6 2. Nc3 d5 3. Bg5 Nbd7 4. e3 h6 5. Bh4 e6 6. f4 c5 7. Nf3 Qa5 8. Qd2 c4
9. Nd1 Qxd2+ 10. Nxd2 b5 11. Be2 Bd6 12. O-O O-O 13. Bf3 Bb7 14. Nf2 Rfc8 15. c3
Rab8 16. Bg3 Bc7 17. e4 dxe4 18. Nfxe4 Nd5 19. Be2 f5 20. Nf2 Nxf4 21. Bf3 Bxf3
22. Bxf4 Bxf4 23. Nxf3 b4 24. Rfe1 Kf7 25. g3 Bd6 26. Rab1 Rb6 27. Nd2 Nf6 28.
Nd1 Nd5 29. cxb4 Bxb4 30. Re2 Be7 31. Rc1 Bf6 32. Nf3 g5 33. Rec2 g4 34. Ne5+
Bxe5 35. dxe5 Rbc6 36. Kf2 Nb4 37. Rd2 Nd3+ 38. Rxd3 cxd3 39. Rxc6 Rxc6 40. Ke3
Rc2 41. a4 Rxh2 42. b4 d2 43. a5 Ke7 44. b5 Kd7 45. b6 axb6 46. a6 Kc7 47. Nc3
Kb8 48. Kf4 Rh1 0-1

[Event "Online Olym Div3 B 2020"]
[Site "chess.com INT"]
[Date "2020.07.09"]
[Round "7.1"]
[Board "6"]
[White "Espinosa Cancino, Monica"]
[Black "Gabatshwarwe Refilwe"]
[Result "1/2-1/2"]
[BlackTitle "WCM"]
[WhiteElo "1666"]
[BlackElo "1750"]
[WhiteTeam "Scotland"]
[BlackTeam "Botswana"]
[WhiteFideId "22253025"]
[BlackFideId "11312734"]
[EventDate "2020.07.07"]
[EventType "team"]

1. d4 d5 2. Nf3 Nf6 3. g3 c5 4. c4 dxc4 5. Qa4+ Nc6 6. dxc5 e6 7. Qxc4 Qa5+ 8.
Bd2 Qxc5 9. Na3 Qxc4 10. Nxc4 b5 11. Ne3 Bb7 12. Bg2 Ne4 13. O-O Be7 14. Rfd1
O-O 15. Rac1 Rfd8 16. Be1 Rac8 17. Nd2 Nxd2 18. Rxd2 Rxd2 19. Bxd2 Bf6 20. b3
Nd4 21. Rxc8+ Bxc8 22. Kf1 Be7 23. Nd1 b4 24. Nb2 Ba6 25. Nc4 Nb5 26. Ke1 f6 27.
Bf3 Kf7 28. Nb2 Nd4 29. Nc4 Nxf3+ 30. exf3 Bxc4 31. bxc4 e5 32. Kd1 Ke6 33. Kc2
Kd7 34. Kb3 Kc6 35. Bxb4 Bd8 36. Bf8 g6 37. a4 f5 38. Bb4 Bb6 39. Be1 Bd4 40.
Kb4 h6 41. Kb3 g5 42. Kc2 h5 43. Kd3 Kc5 44. a5 a6 45. h3 Kc6 46. Ke2 Kc5 47.
Kd3 Ba1 48. Bd2 Bd4 49. Bxg5 Bxf2 50. g4 hxg4 51. hxg4 fxg4 52. fxg4 Be1 53. Bd2
Bh4 54. g5 Kd6 55. Ke4 Ke6 56. c5 Bf2 57. Bc3 Bxc5 58. Bxe5 Bb4 59. Bc7 Kd7 60.
Bb6 Ke7 61. Ke5 Kf7 62. Kf5 Kg8 63. Kg6 Bd2 64. Kf6 Bc3+ 65. Ke6 Kg7 66. Bd8 Kg6
67. Kd6 Bxa5 68. Bxa5 Kxg5 69. Kc6 Kf5 70. Kb6 Kg4 71. Kxa6 1/2-1/2

[Event "Online Olym Div3 B 2020"]
[Site "chess.com INT"]
[Date "2020.07.09"]
[Round "7.2"]
[Board "1"]
[White "Song, Raymond"]
[Black "Pereira, Ruben"]
[Result "1/2-1/2"]
[WhiteTitle "IM"]
[BlackTitle "IM"]
[WhiteElo "2485"]
[BlackElo "2440"]
[WhiteTeam "Chinese Taipei"]
[BlackTeam "Portugal"]
[WhiteFideId "3203824"]
[BlackFideId "1903063"]
[EventDate "2020.07.07"]
[EventType "team"]

1. d4 Nf6 2. c4 e5 3. dxe5 Ng4 4. Bf4 Nc6 5. Nf3 Bb4+ 6. Nbd2 Qe7 7. a3 Bxd2+ 8.
Qxd2 Ngxe5 9. Nxe5 Nxe5 10. e3 O-O 11. Be2 d6 12. O-O b6 13. Rac1 Bb7 14. b4
Rfe8 15. Rfd1 Ng6 16. Bg3 Rad8 17. Qc3 Nh4 18. Bf1 Nf5 19. Bf4 g5 20. Bg3 h5 21.
Bd3 Be4 22. Bxe4 Nxg3 23. hxg3 Qxe4 24. c5 dxc5 25. bxc5 b5 26. c6 Rd5 27. Rxd5
Qxd5 28. Qc5 Qxc5 29. Rxc5 f6 30. Rxb5 Re6 31. Rc5 Kf7 32. Kf1 Ke7 33. Ke2 Kd6
34. Rf5 Kxc6 35. f4 Kb6 36. fxg5 fxg5 37. Rxg5 c5 38. Kd3 Kb5 39. e4 Ra6 40. e5
Rxa3+ 41. Ke4 Ra1 42. e6 Re1+ 43. Kd5 Rd1+ 44. Ke5 Kc6 45. Rg7 Re1+ 46. Kf6 Rf1+
47. Ke5 Re1+ 48. Kf6 Rf1+ 49. Ke5 Re1+ 1/2-1/2

[Event "Online Olym Div3 B 2020"]
[Site "chess.com INT"]
[Date "2020.07.09"]
[Round "7.2"]
[Board "2"]
[White "Santos, Jose Guilherme B Lima"]
[Black "Liu, Yeh Yang"]
[Result "1/2-1/2"]
[WhiteElo "2195"]
[BlackElo "1988"]
[WhiteTeam "Portugal"]
[BlackTeam "Chinese Taipei"]
[WhiteFideId "1939300"]
[BlackFideId "16300416"]
[EventDate "2020.07.07"]
[EventType "team"]

1. c4 c6 2. e4 d5 3. exd5 cxd5 4. d4 Nf6 5. Nc3 e6 6. Nf3 Be7 7. cxd5 Nxd5 8.
Bd3 Nc6 9. O-O a6 10. Re1 Nf6 11. a3 O-O 12. h4 b5 13. Bc2 Bb7 14. Qd3 Re8 15.
d5 exd5 16. Bg5 Ne4 17. Nxd5 Nxg5 18. Nxg5 g6 19. Qf3 Bxg5 20. Rxe8+ Qxe8 21.
hxg5 Qe5 22. Bb3 Qxg5 23. Nb6 Rf8 24. Nd7 Nd8 25. Nf6+ Kh8 26. Ne4 Qe5 27. Qc3
Qxc3 28. Nxc3 f5 29. Rd1 Re8 30. Rd7 Bc6 31. Rd6 Kg7 32. Bd5 Bxd5 33. Nxd5 a5
34. Nc7 Re1+ 35. Kh2 Nf7 36. Rd5 Re2 37. Rxb5 Rxf2 38. Kg3 Rc2 39. Ne6+ Kf6 40.
Nd4 Rd2 41. Rb6+ Kg7 42. Nf3 Rd5 43. Kf4 Nd6 44. b4 axb4 45. axb4 h6 46. Rc6 Kf6
47. Ke3 g5 48. b5 f4+ 49. Ke2 Kf5 50. b6 g4 51. Nd2 h5 52. Nb3 Ke5 53. Nc5 Nb5
54. Re6+ Kf5 55. b7 Nd4+ 56. Kf1 Rxc5 57. b8=Q Nxe6 58. Qb1+ Kg5 59. Qe1 Kf5 60.
Qb1+ Kf6 61. Qb2+ Re5 62. Qf2 Kg5 63. Qb6 g3 64. Qd6 Kf5 65. Qd3+ Kg4 66. Qf3+
Kg5 67. Qc3 Re3 68. Qh8 Kg4 69. Qg8+ Ng5 70. Qc8+ Kh4 71. Qf5 Re4 72. Qd7 Rb4
73. Qf5 Rc4 74. Qd7 Rc1+ 75. Ke2 Rc2+ 76. Kf1 Rf2+ 77. Kg1 Ra2 78. Qd4 Rf2 79.
Qd8 Rb2 80. Qd3 Kg4 81. Qd7+ Kh4 82. Qd3 Rf2 83. Qd4 Kg4 84. Qd7+ Kh4 85. Qd4
Nh3+ 86. gxh3 Kxh3 87. Qd7+ Kh4 88. Qe7+ Kg4 89. Qe6+ Kh4 90. Qf6+ Kg4 91. Qg6+
Kh4 92. Qf5 Rf3 93. Qf6+ Kg4 94. Qg6+ Kh4 95. Qf6+ Kg4 96. Qg6+ Kh4 97. Qf6+ 1/2-1/2

[Event "Online Olym Div3 B 2020"]
[Site "chess.com INT"]
[Date "2020.07.09"]
[Round "7.2"]
[Board "3"]
[White "Shih, Ching-An"]
[Black "Jorge, Rita Maria Osorio"]
[Result "1/2-1/2"]
[WhiteTitle "WFM"]
[BlackTitle "WFM"]
[WhiteElo "1582"]
[BlackElo "1983"]
[WhiteTeam "Chinese Taipei"]
[BlackTeam "Portugal"]
[WhiteFideId "16300653"]
[BlackFideId "1923161"]
[EventDate "2020.07.07"]
[EventType "team"]

1. e4 e5 2. Nf3 Nc6 3. Bb5 a6 4. Ba4 Nf6 5. d3 b5 6. Bb3 Be7 7. O-O O-O 8. Re1
d6 9. h3 Na5 10. Nc3 Nxb3 11. axb3 Bb7 12. Be3 c5 13. Qd2 Re8 14. Qd1 g6 15. Bh6
Bf8 16. Bxf8 Rxf8 17. Qd2 Kg7 18. Ra2 Qd7 19. Rea1 Nh5 20. Nd5 Bxd5 21. exd5 Qb7
22. c4 Nf4 23. Kh2 bxc4 24. bxc4 Rfb8 25. g3 Nh5 26. Qc2 Nf6 27. Nd2 h6 28. b3
Qc8 29. Qd1 Rb6 30. Qf3 Qf5 31. Kg2 Qxf3+ 32. Kxf3 Nd7 33. Ra3 f5 34. Ke3 Ra7
35. f3 Kf6 36. Kf2 Nb8 37. Re1 Rab7 38. Kg2 Re7 39. Rea1 Reb7 40. Re1 Re7 41.
Rea1 Reb7 42. Re1 1/2-1/2

[Event "Online Olym Div3 B 2020"]
[Site "chess.com INT"]
[Date "2020.07.09"]
[Round "7.2"]
[Board "4"]
[White "Ferreira, Ana Margarida"]
[Black "Chen, Chi"]
[Result "1-0"]
[WhiteElo "1783"]
[BlackElo "1588"]
[WhiteTeam "Portugal"]
[BlackTeam "Chinese Taipei"]
[WhiteFideId "1907000"]
[BlackFideId "16301633"]
[EventDate "2020.07.07"]
[EventType "team"]

1. e4 e6 2. d4 d5 3. exd5 exd5 4. Bd3 Bd6 5. c3 Ne7 6. Ne2 O-O 7. O-O Bf5 8. Bg5
f6 9. Bh4 Nbc6 10. Bg3 Bxd3 11. Qxd3 Ng6 12. Nd2 Nce7 13. f4 f5 14. Nf3 Re8 15.
Ne5 Nf8 16. Bh4 g6 17. Kh1 Qc8 18. Ng1 Kg7 19. Qh3 Ng8 20. Ngf3 Be7 21. Rae1
Bxh4 22. Qxh4 Nf6 23. Ng5 Ne4 24. Ngf7 h5 25. c4 dxc4 26. Rxe4 fxe4 27. f5 Rxe5
28. Nxe5 gxf5 29. Qg5+ Kh7 30. Rxf5 Qe6 31. Rf7+ Qxf7 32. Nxf7 Re8 33. Qxh5+ Kg7
34. Ne5 Re6 35. Qg4+ Kf6 36. Qxe4 c6 37. g4 Ke7 38. g5 Nd7 39. g6 Nxe5 40. dxe5
Kf8 41. h4 Kg7 42. h5 b5 43. Qf5 Re8 44. Qf7+ Kh6 45. Qxe8 c3 46. bxc3 c5 47.
Kg2 b4 48. cxb4 c4 49. Qf8+ Kxh5 50. g7 c3 51. g8=Q c2 52. Qf5+ Kh6 53. Qgg6# 1-0

[Event "Online Olym Div3 B 2020"]
[Site "chess.com INT"]
[Date "2020.07.09"]
[Round "7.2"]
[Board "5"]
[White "Wang, Ting-Hao"]
[Black "Martins, Bruno Andre Leite"]
[Result "0-1"]
[WhiteElo "1737"]
[BlackElo "2204"]
[WhiteTeam "Chinese Taipei"]
[BlackTeam "Portugal"]
[WhiteFideId "16300602"]
[BlackFideId "1942255"]
[EventDate "2020.07.07"]
[EventType "team"]

1. e4 c5 2. Nf3 Nc6 3. Bb5 g6 4. Bxc6 dxc6 5. d3 Bg7 6. h3 Nf6 7. Nc3 Nd7 8. Be3
e5 9. Qd2 h6 10. O-O Qe7 11. Nh2 Nf8 12. f4 exf4 13. Rxf4 g5 14. Rf2 Be6 15.
Raf1 O-O-O 16. a3 b6 17. Na4 Nd7 18. b4 cxb4 19. axb4 Ne5 20. Qe1 h5 21. Nxb6+
axb6 22. Bxb6 g4 23. Bxd8 Qxd8 24. Rf4 Bh6 25. Qa1 Bxf4 26. Rxf4 Qd6 27. Qa8+
Qb8 28. Qa6+ Qb7 29. Qa5 Qc7 30. Qa8+ Qb8 31. Qa6+ Kc7 32. Qa5+ Qb6+ 33. Qxb6+
Kxb6 34. d4 Ng6 35. Rf6 Rd8 36. hxg4 hxg4 37. c3 Kb5 38. Kf2 Kc4 39. d5 cxd5 40.
exd5 Rxd5 41. Kg3 Rd3+ 42. Kf2 g3+ 43. Kg1 gxh2+ 44. Kxh2 Rxc3 45. g3 Kxb4 46.
Rf2 Kb3 47. Kg1 Rc1+ 0-1

[Event "Online Olym Div3 B 2020"]
[Site "chess.com INT"]
[Date "2020.07.09"]
[Round "7.2"]
[Board "6"]
[White "Avelino, Camila Biscaya"]
[Black "Tsai, Sophie Yi-Hsuan"]
[Result "1-0"]
[WhiteElo "1732"]
[BlackElo "1131"]
[WhiteTeam "Portugal"]
[BlackTeam "Chinese Taipei"]
[WhiteFideId "1938975"]
[BlackFideId "16302087"]
[EventDate "2020.07.07"]
[EventType "team"]

1. e4 c5 2. Nf3 g6 3. d4 cxd4 4. Nxd4 Bg7 5. Nc3 Nc6 6. Be3 Nf6 7. Nxc6 bxc6 8.
e5 Ng8 9. f4 Bb7 10. Bc4 e6 11. Ne4 Bc8 12. Nd6+ Kf8 13. Bc5 Qa5+ 14. b4 Qa3 15.
Nb5+ Ne7 16. Nxa3 h5 17. Qd6 f6 18. Qxe7+ Kg8 19. exf6 Bh6 20. f7+ Kh7 21. f8=Q+
Bg7 22. Qexg7# 1-0

[Event "Online Olym Div3 B 2020"]
[Site "chess.com INT"]
[Date "2020.07.09"]
[Round "7.3"]
[Board "1"]
[White "Alahakoon, Isuru"]
[Black "Severino, Sander"]
[Result "1-0"]
[WhiteTitle "FM"]
[BlackTitle "FM"]
[WhiteElo "2107"]
[BlackElo "2364"]
[WhiteTeam "Sri Lanka"]
[BlackTeam "IPCA"]
[WhiteFideId "9900993"]
[BlackFideId "5204100"]
[EventDate "2020.07.07"]
[EventType "team"]

1. e4 c6 2. Nc3 d5 3. Nf3 Bg4 4. h3 Bxf3 5. Qxf3 Nf6 6. e5 Nfd7 7. d4 e6 8. Qg3
Qb6 9. Ne2 g6 10. c3 c5 11. h4 h5 12. dxc5 Bxc5 13. b4 Bf8 14. Nd4 Nc6 15. Nxc6
Qxc6 16. a4 Rc8 17. Bd2 Qc7 18. Bb5 a6 19. Bxd7+ Qxd7 20. O-O Rc4 21. Bg5 Be7
22. Bf6 Bxf6 23. exf6 Qc7 24. Qg5 Qf4 25. Qxf4 Rxf4 26. g3 Rc4 27. Rfc1 Kd7 28.
Ra2 Rhc8 29. Rac2 e5 30. Rd1 Ke6 31. Rcd2 Rd8 32. Rd3 e4 33. Re3 Kxf6 34. f3 Ke5
35. fxe4 Rxe4 36. Rxe4+ Kxe4 37. Rd4+ Ke5 38. Kf2 Rc8 39. Rd3 Rc4 40. Ke2 f5 41.
Kd2 d4 42. Ke2 1-0

[Event "Online Olym Div3 B 2020"]
[Site "chess.com INT"]
[Date "2020.07.09"]
[Round "7.3"]
[Board "2"]
[White "Obodchuk, Andrei"]
[Black "Liyanage, Ranindu Dilshan"]
[Result "1-0"]
[WhiteTitle "IM"]
[BlackTitle "CM"]
[WhiteElo "2299"]
[BlackElo "2181"]
[WhiteTeam "IPCA"]
[BlackTeam "Sri Lanka"]
[WhiteFideId "4114310"]
[BlackFideId "9915834"]
[EventDate "2020.07.07"]
[EventType "team"]

1. d4 Nf6 2. c4 e6 3. g3 d5 4. Nf3 Be7 5. Bg2 O-O 6. O-O dxc4 7. Qc2 a6 8. a4
Nc6 9. Qxc4 Na5 10. Qc2 b6 11. Bd2 Bb7 12. Bxa5 bxa5 13. Nbd2 Rc8 14. Nb3 Be4
15. Qc1 c5 16. dxc5 Qd5 17. Ra3 Bxc5 18. Nxc5 Rxc5 19. Rc3 Rfc8 20. Rxc5 Rxc5
21. Qf4 e5 22. Qe3 Rc2 23. Rc1 h6 24. Rxc2 Qd1+ 25. Bf1 Qxc2 26. Nxe5 Qxb2 27.
Nd7 Nxd7 28. Qxe4 Qb4 29. Qc6 Nc5 30. Qe8+ Kh7 31. Qxf7 Nxa4 32. Qf5+ Kh8 33.
Bh3 Qc5 34. Qg6 Nc3 35. Bf5 Nxe2+ 36. Kf1 Qc1+ 37. Kxe2 Qb2+ 38. Kf3 Qb3+ 39.
Kg2 Qd5+ 40. Be4 Qg8 41. Qxa6 Qe8 42. Qa8 1-0

[Event "Online Olym Div3 B 2020"]
[Site "chess.com INT"]
[Date "2020.07.09"]
[Round "7.3"]
[Board "3"]
[White "Dahampriya, H K T Dewnethmie"]
[Black "Jennitha, Anto K."]
[Result "1-0"]
[BlackTitle "WIM"]
[WhiteElo "1868"]
[BlackElo "2001"]
[WhiteTeam "Sri Lanka"]
[BlackTeam "IPCA"]
[WhiteFideId "9931180"]
[BlackFideId "5018218"]
[EventDate "2020.07.07"]
[EventType "team"]

1. e4 c5 2. Nf3 d6 3. d4 cxd4 4. Nxd4 Nf6 5. Nc3 a6 6. Bg5 e6 7. f4 Be7 8. Qf3
Nbd7 9. O-O-O Qc7 10. g4 h6 11. Bxf6 Bxf6 12. h4 Bxd4 13. Rxd4 b5 14. Bg2 Bb7
15. Qd3 Nc5 16. Qd2 Rd8 17. Rd1 Ke7 18. b4 Na4 19. Nxa4 bxa4 20. a3 e5 21. fxe5
dxe5 22. Rxd8 Rxd8 23. Qxd8+ Qxd8 24. Rxd8 Kxd8 25. Kd2 Kc7 26. c4 Bc6 27. Kd3
Kb6 28. Bf3 a5 29. Kc3 Bb7 30. c5+ Kb5 31. Be2+ Kc6 32. Bc4 axb4+ 33. axb4 f6
34. Bd5+ Kc7 35. Bxb7 Kxb7 36. b5 g6 37. Kb4 a3 38. Kxa3 h5 39. gxh5 gxh5 40.
Kb3 f5 41. exf5 e4 42. Kc3 1-0

[Event "Online Olym Div3 B 2020"]
[Site "chess.com INT"]
[Date "2020.07.09"]
[Round "7.3"]
[Board "4"]
[White "Kaydanovich, Marina"]
[Black "Ranasinghe, S D"]
[Result "0-1"]
[WhiteTitle "WIM"]
[BlackTitle "WIM"]
[WhiteElo "1734"]
[BlackElo "1752"]
[WhiteTeam "IPCA"]
[BlackTeam "Sri Lanka"]
[WhiteFideId "4134877"]
[BlackFideId "9902651"]
[EventDate "2020.07.07"]
[EventType "team"]

1. d4 d5 2. c4 e6 3. Nf3 Nf6 4. e3 Be7 5. Nbd2 Nbd7 6. Bd3 b6 7. Qc2 Bb7 8. b3
Rc8 9. Bb2 c5 10. Rc1 cxd4 11. exd4 dxc4 12. bxc4 Nd5 13. Qb1 Nf4 14. O-O Nf6
15. a3 O-O 16. Rfe1 Bd6 17. Ne4 Nxd3 18. Nxf6+ Qxf6 19. Qxd3 Qh6 20. h3 Bf4 21.
Rc2 f5 22. Qb3 Be4 23. Rce2 Rf6 24. d5 Rg6 25. dxe6 Qxh3 0-1

[Event "Online Olym Div3 B 2020"]
[Site "chess.com INT"]
[Date "2020.07.09"]
[Round "7.3"]
[Board "5"]
[White "Doluweera, Minul Sanjula"]
[Black "Lipilin, Ilia"]
[Result "1-0"]
[WhiteTitle "FM"]
[BlackTitle "FM"]
[WhiteElo "2139"]
[BlackElo "2189"]
[WhiteTeam "Sri Lanka"]
[BlackTeam "IPCA"]
[WhiteFideId "9910760"]
[BlackFideId "54113245"]
[EventDate "2020.07.07"]
[EventType "team"]

1. d4 d5 2. c4 dxc4 3. Nf3 Nf6 4. e3 e6 5. Bxc4 a6 6. a4 c5 7. O-O Nc6 8. Qe2
cxd4 9. Rd1 Be7 10. exd4 O-O 11. Nc3 Nb4 12. Ne5 Nbd5 13. Rd3 Qc7 14. Rg3 Rd8
15. Bh6 g6 16. h4 Bf8 17. Bg5 Bg7 18. Qf3 Rf8 19. Bxd5 Nxd5 20. Nxd5 exd5 21.
Bf6 Qb6 22. Bxg7 Kxg7 23. h5 Qxd4 24. h6+ Kxh6 25. Qf6 Qe4 26. Raa3 Qf5 27. Rh3+
Qxh3 28. gxh3 Be6 29. Ng4+ Kh5 30. Qg7 Bxg4 31. hxg4+ Kxg4 32. Qf6 1-0